| 000 | 00798nam a22002897a 4500 | ||
|---|---|---|---|
| 001 | 0011611 | ||
| 003 | DO-SdBNP | ||
| 005 | 20170915093737.0 | ||
| 007 | 0011611 | ||
| 008 | 161012b 2005 mx||||| |||| 00| 0 spa d | ||
| 020 | _a9707701552 | ||
| 040 |
_aBPMSU _bspa _cBPMSU |
||
| 082 | 4 |
_a520 _bS888e |
|
| 100 | 1 | _aStott, Carole | |
| 240 | 1 | 0 |
_aStars and planets _lEspañol |
| 245 | 1 | 0 |
_aEstrellas y planetas / _cCarole Stott ; prólogo Patrick Moore |
| 260 | 0 |
_aMéxico, D.F. : _bAltea, _c2005. |
|
| 300 |
_a63 p. : _bil., _c28 cm. |
||
| 650 | 4 | _aESTRELLAS | |
| 650 | 4 | _aPLANETAS | |
| 650 | 4 | _aUNIVERSO | |
| 700 | 1 | 2 |
_aMoore, Patrick, _epról. |
| 910 | _aValidado. Control de calidad MFF | ||
| 942 |
_2ddc _cBK |
||
| 945 | _aInventariado / 2017 VM | ||
| 956 |
_aBTAVÁREZ _b10 _c20161012 _d0011611 |
||
| 999 |
_c11550 _d11550 |
||